Pakistan : (Record no. 64319)
[ view plain ]
| 000 -LEADER | |
|---|---|
| fixed length control field | 00801nam a2200241 a 4500 |
| 001 - CONTROL NUMBER | |
| control field | 64319 |
| 003 - CONTROL NUMBER IDENTIFIER | |
| rucl marc code | BD-RjUL |
| 005 - DATE AND TIME OF LATEST TRANSACTION | |
| control field | 20211209081307.0 |
| 008 - FIXED-LENGTH DATA ELEMENTS--GENERAL INFORMATION | |
| fixed length control field | 170213s1983 ii ||||| |||| 001 0 eng d |
| 035 ## - SYSTEM CONTROL NUMBER | |
| System control number | (BD-RjUL)64449 |
| 040 ## - CATALOGING SOURCE | |
| Original cataloging agency | BD-RjUL |
| Language of cataloging | eng |
| Transcribing agency | BD-RjUL |
| Modifying agency | BD-RjUL |
| 041 ## - LANGUAGE CODE | |
| Language code of text/sound track or separate title | eng |
| 082 ## - DEWEY DECIMAL CLASSIFICATION NUMBER | |
| Edition number | 23 |
| Classification number | 338.95492 |
| Author mark and year | PAK 1983 |
| 245 10 - TITLE STATEMENT | |
| Title | Pakistan : |
| Remainder of title | the roots of dictatorship : the political economy of a praetorian state / |
| Statement of responsibility, etc. | Ed by Hassan N Gardezi; Jamil Rashid |
| 260 ## - PUBLICATION, DISTRIBUTION, ETC. (IMPRINT) | |
| Place of publication, distribution, etc. | London : |
| Name of publisher, distributor, etc. | Zed, |
| Date of publication, distribution, etc. | c1983. |
| 300 ## - PHYSICAL DESCRIPTION | |
| Pagination | 394 p, ; |
| Size | 24 cm. |
| 500 ## - GENERAL NOTE | |
| General note | Include index |
| 650 ## - SUBJECT ADDED ENTRY--TOPICAL TERM | |
| Topical term or geographic name as entry element | Islam et politique -- Pakistan. |
| 9 (RLIN) | 190966 |
| Topical term or geographic name as entry element | Pakistan -- Politique et gouvernement -- 1947- ... |
| 9 (RLIN) | 190967 |
| 700 ## - ADDED ENTRY--PERSONAL NAME | |
| Personal name | Gardezi, Hassan N |
| Personal name | Rashid, Jamil |
| 942 ## - ADDED ENTRY ELEMENTS (KOHA) | |
| Source of classification or shelving scheme | Dewey Decimal Classification |
| Koha item type | Books |
| Lost status | Source of classification or shelving scheme | Damaged status | Not for loan | Collection code | Permanent Location | Current Location | Shelving location | Date acquired | Source of acquisition | Cost, normal purchase price | Total Checkouts | Full call number | Date last seen | Copy number | Koha item type |
|---|---|---|---|---|---|---|---|---|---|---|---|---|---|---|---|
| Dewey Decimal Classification | Not For Loan | Non-fiction | Central Library, University of Rajshahi | Central Library, University of Rajshahi | Reading Room | 10/06/1984 | O.U.P. Dacca | 429.00 | 338.95492 PAK 1983 | 13/02/2017 | C-1 | Books |